| 000 | 00696nam a2200229 a 4500 | ||
|---|---|---|---|
| 005 | 20241012063940.0 | ||
| 008 | 041116s2001 mx r 000 0 spa d | ||
| 020 | _a9684269188 | ||
| 035 | _aUPN01000136387 | ||
| 049 | _aCG | ||
| 050 | 4 |
_aLB1029 G3 _bB4.2 |
|
| 100 | 1 |
_aBetancourt Morejón, Julián _937212 |
|
| 245 | 1 | 0 |
_aAtmósferas creativas 2 : _brompiendo candados mentales / _cJulián Betancourt Morejón. |
| 260 |
_aMéxico : _bEl Manual Moderno, _c2001. |
||
| 300 | _a395 p. | ||
| 650 | 4 |
_aJuegos educativos _93952 |
|
| 650 | 4 |
_aAprendizaje activo _91351 |
|
| 650 | 4 |
_aPensamiento creativo _912761 |
|
| 650 | 4 |
_aEducación preescolar _91517 |
|
| 905 | _aLibro | ||
| 999 |
_c108538 _d108538 |
||